| 000 | nam a22 7a 4500 | ||
|---|---|---|---|
| 999 |
_c331326 _d331326 |
||
| 003 | NUST | ||
| 005 | 20170925120045.0 | ||
| 008 | 170925b xxu||||| |||| 00| 0 eng d | ||
| 040 | _cNUST | ||
| 082 | _a330 | ||
| 100 |
_aKhan,abdullah & Dar,Varda _94949 |
||
| 245 | _aEstimating potential output and output gap for pakistan | ||
| 260 |
_aislamabad _c2015 |
||
| 300 | _a40p. | ||
| 942 |
_2ddc _cTH |
||